A visszafelé áramló gyógyszerek logisztikája
| Szerző: | |
|---|---|
| További közreműködők: | |
| Dokumentumtípus: | Diplomadolgozat |
| Kulcsszavak: | ellátási lánc gyógyszer logisztika gyógyszeripar logisztika reverse logisztika |
| Online Access: | http://dolgozattar.uni-bge.hu/59583 |
MARC
| LEADER | 00000nta a2200000 i 4500 | ||
|---|---|---|---|
| 001 | dolg59583 | ||
| 005 | 20260409145248.0 | ||
| 008 | 260409suuuu hu om 000 hun d | ||
| 040 | |a BGE Dolgozattár Repozitórium |b hun | ||
| 041 | |a hu | ||
| 100 | 1 | |a Fülezsdi Roland Ferenc | |
| 245 | 1 | 2 | |a A visszafelé áramló gyógyszerek logisztikája |c Fülezsdi Roland Ferenc |h [elektronikus dokumentum] |
| 520 | 3 | |a A szakdolgozat célja az volt, hogy átfogó képet adjon a gyógyszeripari reverse logisztika működéséről, különös tekintettel a lejárt vagy feleslegessé vált gyógyszerek visszagyűjtésére, illetve a termékvisszahívások logisztikai és minőségbiztosítási folyamataira. A téma feldolgozása során a gyártói és a lakossági oldal vizsgálata egyaránt hangsúlyt kapott, mivel a gyógyszeripari visszáru-kezelés nemcsak vállalati logisztikai feladatként értelmezhető, hanem környezetvédelmi kérdésként is.A dolgozat első részében szakirodalmi alapokon mutattam be a gyógyszeripari ellátási lánc sajátosságait, majd ezen belül a reverse logisztika szerepét és szabályozási hátterét. Ezt követően egy hazai gyógyszergyártó vállalat példáján keresztül elemeztem a gyártói visszáru-kezelés gyakorlatát, megfigyelés és dokumentumelemzés alapján. A vizsgálat rávilágított arra, hogy bár a folyamatok szigorú szabályozás mellett zajlanak, a gyakorlatban előfordulnak fejlesztésre szoruló területek, mint például a raktárkapacitás időszakos túlterheltsége, a manuális adminisztráció aránya, vagy a formai hibákból eredő, de szakmailag nem indokolt selejtezés.A dolgozat második felében a lakossági visszavitel gyakorlatát egy kérdőíves kutatás segítségével térképeztem fel. Az eredmények alapján a válaszadók többsége ismeri a visszavételi lehetőséget, ugyanakkor a helyes gyakorlat nem mindig valósul meg: sokan még mindig kommunális hulladékba helyezik a gyógyszereket, vagy nem foglalkoznak azok rendszeres ellenőrzésével. A válaszok alapján a visszavitel egyik fő akadálya az információhiány és a tájékoztató kampányok alacsony ismertsége.Összességében a kutatás arra mutatott rá, hogy a gyógyszeripari reverse logisztika bár formálisan jól szabályozott több szinten is fejleszthető lenne. A vállalati oldalon a hatékonyság növelése, a lakossági oldalon pedig a tudatosabb részvétel ösztönzése lehet a legfontosabb irány. A dolgozatban megfogalmazott visszafogott javaslatok célja nem az ágazati gyakorlatok átalakítása, hanem a kutatás során feltárt tapasztalatok alapján történő elgondolkodtatás és a további vizsgálatok ösztönzése volt. | |
| 695 | |a ellátási lánc | ||
| 695 | |a gyógyszer logisztika | ||
| 695 | |a gyógyszeripar | ||
| 695 | |a logisztika | ||
| 695 | |a reverse logisztika | ||
| 700 | 1 | |a Lipák Mária |e ths | |
| 856 | 4 | 0 | |u http://dolgozattar.uni-bge.hu/59583/1/Szakdolgozat.pdf |z Dokumentum-elérés |
| 856 | 4 | 0 | |u http://dolgozattar.uni-bge.hu/59583/2/FulezsdiBir.pdf |z Dokumentum-elérés |
| 856 | 4 | 0 | |u http://dolgozattar.uni-bge.hu/59583/3/F%C3%BClezsdi%20Roland%20Ferenc.pdf |z Dokumentum-elérés |